<?xml version="1.0" encoding="UTF-8"?><?xml-stylesheet type="text/xsl" href="static/style.xsl"?><OAI-PMH xmlns="http://www.openarchives.org/OAI/2.0/" xmlns:xsi="http://www.w3.org/2001/XMLSchema-instance" xsi:schemaLocation="http://www.openarchives.org/OAI/2.0/ http://www.openarchives.org/OAI/2.0/OAI-PMH.xsd"><responseDate>2026-06-03T04:48:00Z</responseDate><request verb="GetRecord" identifier="oai:riuma.uma.es:10630/36385" metadataPrefix="marc">https://riuma.uma.es/rest/oai/request</request><GetRecord><record><header><identifier>oai:riuma.uma.es:10630/36385</identifier><datestamp>2026-02-03T11:28:54Z</datestamp><setSpec>com_10630_2254</setSpec><setSpec>col_10630_37953</setSpec></header><metadata><record xmlns="http://www.loc.gov/MARC21/slim" xmlns:dcterms="http://purl.org/dc/terms/" xmlns:doc="http://www.lyncode.com/xoai" xmlns:xsi="http://www.w3.org/2001/XMLSchema-instance" xsi:schemaLocation="http://www.loc.gov/MARC21/slim http://www.loc.gov/standards/marcxml/schema/MARC21slim.xsd">
   <leader>00925njm 22002777a 4500</leader>
   <datafield ind2=" " ind1=" " tag="042">
      <subfield code="a">dc</subfield>
   </datafield>
   <datafield ind2=" " ind1=" " tag="720">
      <subfield code="a">Márquez-Prieto, Antonio</subfield>
      <subfield code="e">author</subfield>
   </datafield>
   <datafield ind2=" " ind1=" " tag="260">
      <subfield code="c">2021-12-01</subfield>
   </datafield>
   <datafield ind2=" " ind1=" " tag="520">
      <subfield code="a">El modelo andaluz de diálogo social ha constituido la matriz del Sistema Extrajudicial de&#xd;
Resolución de Conflictos Laborales de Andalucía, siendo por tanto dicho modelo una&#xd;
referencia del Sistema, a cuyo sostenimiento también contribuye. También en cuanto a&#xd;
la implantación institucional del Sistema ha tenido y tiene, además, un fuerte apoyo por&#xd;
parte del Consejo Andaluz de Relaciones Laborales que, pensado como centro de diálogo&#xd;
permanente, impulsa tanto la negociación colectiva como la resolución extrajudicial de&#xd;
conflictos. Por lo que la ampliación del ámbito del Sistema a los conflictos individuales,&#xd;
con una adaptación del Reglamento aplicable, ha supuesto para los mismos un instrumento&#xd;
institucional idóneo. Gracias a dicho apoyo institucional los procedimientos de resolución&#xd;
de conflictos individuales cuentan con medios que intentan asegurar un clima de confianza,&#xd;
tanto en la posibilidad de lograr un acuerdo, como en la eficacia del mismo una vez alcanzado.&#xd;
Respecto a los planteamientos de conflictos individuales ante el SERCLA se comprueba que&#xd;
existe una mayor dosis de voluntariedad en comparación con la tramitación de la conciliación&#xd;
administrativa. Hay también un alto grado de confianza de las partes en el Sistema, a tenor&#xd;
de la cuota de comparecencias. Analizando los factores que pueden influir en la consecución&#xd;
del acuerdo se observa la posibilidad de mejoría, sobre todo respecto de algunos factores de&#xd;
carácter subjetivo. Ello requeriría un estudio más específico.</subfield>
   </datafield>
   <datafield ind1="8" ind2=" " tag="024">
      <subfield code="a">MÁRQUEZ PRIETO, A.: "Valoración de la experiencia en materia de solución extrajudicial de conflictos laborales: actuaciones ante el SERCLA sobre conflictos individuales", en Temas laborales: Revista andaluza de trabajo y bienestar social, Nº 160, 2021, págs. 217-244.</subfield>
   </datafield>
   <datafield ind1="8" ind2=" " tag="024">
      <subfield code="a">ISSN 0213-0750</subfield>
   </datafield>
   <datafield ind1="8" ind2=" " tag="024">
      <subfield code="a">https://hdl.handle.net/10630/36385</subfield>
   </datafield>
   <datafield tag="653" ind2=" " ind1=" ">
      <subfield code="a">Arbitraje laboral</subfield>
   </datafield>
   <datafield tag="653" ind2=" " ind1=" ">
      <subfield code="a">Derecho laboral</subfield>
   </datafield>
   <datafield ind2="0" ind1="0" tag="245">
      <subfield code="a">Valoración de la experiencia en materia de solución extrajudicial de conflictos laborales: actuaciones ante el SERCLA sobre conflictos individuales</subfield>
   </datafield>
</record>
</metadata></record></GetRecord></OAI-PMH>